000 00481nam a2200145 a 4500
008 120416s1991 ||||||||||||||||| || u
050 _aQA 154.2 Coh
100 _aCohn, P. M
245 1 0 _aAlgebra, vol. 3
250 _a2nd ed.
260 _aChichester
_bJohn Wiley and Sons
_c1991
350 _a0.00
650 0 _aALGEBRA
995 _D0.00
_FCBU-MAIN LIBRARY (Kitwe)
_H1
_I1.00
_M1
_UAVAILABLE
_ZAnnex Low-Usage Collection
999 _c34069
_d34069